Reconversión militar y democracia: implicaciones de la consulta popular sobre las reformas constitucionales para el acuerdo de fortalecimiento del poder civil y función del ejército en una democracia /

Uloženo v:
Podrobná bibliografie
Hlavní autor: Arévalo de León, Bernardo
Médium: Text
Témata:
Tagy: Přidat tag
Žádné tagy, Buďte první, kdo vytvoří štítek k tomuto záznamu!

MARC

LEADER 00000 a a2200000 04500
001 18909
003
040
100 |a Arévalo de León, Bernardo  
245 |a Reconversión militar y democracia:   |b implicaciones de la consulta popular sobre las reformas constitucionales para el acuerdo de fortalecimiento del poder civil y función del ejército en una democracia /  |c Bernardo Arévalo de León 
650 |a PLEBISCITO  
650 |a DEMOCRACIA  
650 |a FUERZAS ARMADAS  
650 |a REFORMA CONSTITUCIONAL  
773 |g número 243; páginas 59-66  
999 |c 26561  |d 26561